|
|
|
|
| LEADER |
01866nam a2200481 aa4500 |
| 001 |
nkc20122344186 |
| 003 |
CZ PrNK |
| 005 |
20230105203114.0 |
| 007 |
ta |
| 008 |
120328s2010 xr abc d p 000 0 slo |
| 015 |
|
|
|a cnb002344186
|
| 020 |
|
|
|a 978-80-7397-071-0
|q (učebnica a pracovný zošit ;
|q v knize neuvedeno ;
|q brož.)
|z 978-80-7397-018-5
|
| 035 |
|
|
|a (OCoLC)880868086
|
| 040 |
|
|
|a BOA001
|b cze
|d OLA001
|
| 041 |
1 |
|
|a slo
|a ger
|h ita
|
| 072 |
|
7 |
|a 811.112.2
|x Němčina
|2 Konspekt
|9 11
|
| 072 |
|
7 |
|a 37.016
|x Učební osnovy. Vyučovací předměty. Učebnice
|2 Konspekt
|9 22
|
| 080 |
|
|
|a 811.112.2
|2 MRF
|
| 080 |
|
|
|a (075.3)
|2 MRF
|
| 080 |
|
|
|a (076.1)
|2 MRF
|
| 100 |
1 |
|
|a Motta, Giorgio
|7 mzk2005279265
|4 aut
|
| 245 |
1 |
0 |
|a Direkt 3 :
|b nemčina pre stredné školy /
|c Giorgio Motta, Beata Ćwikowska, Helena Hanuljaková
|
| 246 |
3 |
0 |
|a Nemčina pre stredné školy
|
| 250 |
|
|
|a 1. vyd.
|
| 260 |
|
|
|a Praha :
|b Klett,
|c 2010
|
| 300 |
|
|
|a 1 sv. ;
|b il. (převážně barev.), mapy, portréty ;
|c 30 cm
|
| 500 |
|
|
|a Část. přeloženo z italštiny?
|
| 500 |
|
|
|a Německo-slovenský slovník
|
| 500 |
|
|
|a "Spoločný európsky referenčný rámec B1"--Obálka
|
| 505 |
1 |
|
|a učebnica a pracovný zošit. 2010. 238 s. + 1 CD
|
| 650 |
0 |
7 |
|a němčina
|7 ph115512
|2 czenas
|
| 650 |
0 |
9 |
|a German language
|2 eczenas
|
| 655 |
|
7 |
|a učebnice středních škol
|7 fd133771
|2 czenas
|
| 655 |
|
7 |
|a pracovní sešity
|7 fd133116
|2 czenas
|
| 655 |
|
9 |
|a textbooks (secondary)
|2 eczenas
|
| 655 |
|
9 |
|a activity books
|2 eczenas
|
| 700 |
1 |
|
|a Ćwikowska, Beata
|7 mzk2006353856
|4 aut
|
| 700 |
1 |
|
|a Hanuljaková, Helena
|7 mzk2005271817
|4 aut
|
| 910 |
2 |
|
|a BOA001
|b 4-1281.396
|
| 990 |
|
|
|a BK
|
| 995 |
|
|
|a 01
|
| 991 |
|
|
|b 201203
|e dn
|
| 996 |
6 |
|
|b 2610505235
|c 4-1281.396
|d 1,učebnica a pracovný zošit
|l MZK
|r Sklad / do 1 hodiny
|n 3
|p p.v.
|w 001234300
|u 000010
|a 1
|e BOA001
|j MZK50
|s P
|